| 000 | 00523nam a2200145 a 4500 | ||
|---|---|---|---|
| 001 | 000025842 | ||
| 005 | 20200930024106.0 | ||
| 008 | 110223s2000 dr a r 000 0 spa d | ||
| 040 |
_aDO-SdBNP _bspa _cBNPHU |
||
| 082 |
_axxxx _bR426L |
||
| 245 | 0 | 0 |
_aContra la violencia intrafamiliar : _bley 24-97 /. |
| 260 |
_aSanto Domingo : _bJunta de Audiencia y Proyecto Cultural y Solidaridad _bFISOE, _c2000. _fImpreso Novecento |
||
| 300 |
_a48 p. : _bil. ; _c21 cm. |
||
| 710 | 2 |
_aFundación para la Integración Social y Educativa _952673 |
|
| 999 |
_c25334 _d25334 |
||